000
00243nam a2200097 a 4500
005
20140414132004.0
008
110222s19uu xx 00 eng d
050
_a
TR 428.6
_b
A6 1989
245
_a
Connections MacMillan Doorways.
999
_c
113152
_d
113152